[Event "Titled Tue 27th May Early"]
[Site "chess.com INT"]
[Date "2025.05.27"]
[Round "5"]
[White "Mateus, Martha"]
[Black "Gutierrez Olivares, Daniel"]
[Result "1-0"]
[WhiteTitle "WIM"]
[BlackTitle "FM"]
[WhiteElo "1963"]
[BlackElo "2354"]
[WhiteFideId "4401549"]
[BlackFideId "2264005"]
[EventDate "2025.05.27"]

1. d4 Nf6 2. c4 e6 3. Nc3 c5 4. d5 exd5 5. cxd5 Bd6 6. e4 O-O 7. Bd3 Bc7 8. Nge2
d6 9. O-O a6 10. a4 Re8 11. f4 c4 12. Bc2 Bb6+ 13. Kh1 Ng4 14. Nd4 Qh4 15. Nf3
Nf2+ 16. Rxf2 Qxf2 17. Qe2 Qxe2 18. Nxe2 Nd7 19. Nc3 Nf6 20. e5 Ng4 21. h3 Ne3
22. Be4 Nf1 23. g4 Ng3+ 24. Kg2 Nxe4 25. Nxe4 dxe5 26. fxe5 h5 27. a5 Ba7 28.
gxh5 Bb8 29. Bf4 f6 30. Nc5 Bxe5 31. Re1 Bxh3+ 32. Kxh3 Bxf4 33. Ne6 Bd6 34. Rd1
Rac8 35. Rg1 Re7 36. Nfd4 Kh7 37. Nf5 Rd7 38. Rg6 c3 39. bxc3 Rxc3+ 40. Kg4 Rc4+
41. Kf3 Rc3+ 42. Ke2 Rh3 43. Nexg7 Rh2+ 44. Kd3 Be5 45. Ke4 Re2+ 46. Kf3 Rd2 47.
Ne6 R2xd5 48. Nf8+ Kh8 49. Nxd7 Rd3+ 50. Ke4 Rxd7 51. Rh6+ Rh7 52. Rg6 Rxh5 53.
Rg2 Rg5 54. Rc2 Rg4+ 55. Kd5 Ra4 56. Ke6 Rxa5 57. Rc8+ Kh7 58. Ke7 Rd5 59. Kf7
Rd7+ 60. Ke6 Rc7 61. Rd8 Rc6+ 62. Ke7 Rc7+ 63. Ke6 Bf4 64. Rd3 Rc6+ 65. Kf7 Rc7+
66. Ne7 Bh6 67. Rh3 Rd7 68. Kxf6 Rd6+ 69. Kf7 Rd1 70. Nf5 Rf1 71. Rxh6# 1-0

[Event "Titled Tue 27th May Early"]
[Site "chess.com INT"]
[Date "2025.05.27"]
[Round "5"]
[White "Akkara, Omer"]
[Black "Atakhan, Abtin"]
[Result "1/2-1/2"]
[WhiteTitle "CM"]
[BlackTitle "IM"]
[WhiteElo "2036"]
[BlackElo "2410"]
[WhiteFideId "26319802"]
[BlackFideId "22502203"]
[EventDate "2025.05.27"]

1. e4 c5 2. Nf3 d6 3. c3 Nf6 4. Be2 g6 5. O-O Bg7 6. Bb5+ Nbd7 7. Re1 O-O 8. d4
Qc7 9. h3 e5 10. dxe5 Nxe5 11. Nxe5 dxe5 12. Qc2 a6 13. Bf1 b5 14. a4 Bd7 15.
axb5 axb5 16. Rxa8 Rxa8 17. Na3 Qb7 18. Qb3 Rb8 19. f3 c4 20. Qc2 Bf8 21. Be3
Be6 22. Qf2 Nd7 23. Rd1 Ra8 24. Nc2 Ra2 25. Rb1 Qc7 26. Kh1 Bc5 27. Bxc5 Nxc5
28. Nb4 Ra8 29. Qe3 Kg7 30. g3 Na4 31. Bg2 Rd8 32. f4 Qc5 33. Qxc5 Nxc5 34. Nc6
Rd2 35. Nxe5 Nd3 36. Nf3 Rxb2 37. Rxb2 Nxb2 38. Nd4 Bd7 39. Ne2 Nd1 40. Kg1 b4
41. cxb4 c3 42. Nc1 Ne3 43. Kf2 Nc2 44. Na2 Be6 45. Nxc3 Nxb4 46. Bf1 h5 47. Kf3
Nc2 48. g4 hxg4+ 49. hxg4 Nd4+ 50. Kg3 f6 51. Bd3 Bc8 52. Nb5 Ne6 53. Nd6 Bd7
54. Bb5 Bxb5 55. Nxb5 Nc5 56. Kf3 g5 57. Nc3 gxf4 58. Kxf4 Kg6 59. Nd5 Ne6+ 60.
Kf3 Kg5 61. Ke3 Nc5 62. Nxf6 Kxf6 63. Kd4 Ne6+ 64. Kd5 Nf4+ 65. Kd6 Ng6 66. Kd5
Nf4+ 67. Kd6 Kg5 68. e5 Kxg4 69. e6 Ng6 70. Kd7 Kf5 71. Ke8 Kxe6 1/2-1/2

[Event "Titled Tue 27th May Early"]
[Site "chess.com INT"]
[Date "2025.05.27"]
[Round "5"]
[White "Papaioannou, Dimitrios"]
[Black "Dovgaliuk, Oleksandr"]
[Result "1-0"]
[WhiteTitle "CM"]
[WhiteElo "2200"]
[BlackElo "2240"]
[WhiteFideId "25865137"]
[BlackFideId "14167247"]
[EventDate "2025.05.27"]

1. Nf3 Nf6 2. c4 g6 3. g3 Bg7 4. Bg2 O-O 5. O-O c6 6. d4 d5 7. Ne5 Nbd7 8. Nc3
dxc4 9. Nxc4 Nb6 10. Ne5 Nfd5 11. Bd2 c5 12. Nxd5 Nxd5 13. e4 cxd4 14. Nxf7 Rxf7
15. exd5 Qd6 16. Qb3 a5 17. Rae1 a4 18. Qb4 Bd7 19. Re4 Bf5 20. Rxd4 Bxd4 21.
Qxd4 e5 22. Qe3 Rc8 23. Bc3 Re7 24. Re1 b5 25. a3 Kf7 26. Bb4 Qf6 27. Bxe7 Qxe7
28. f4 e4 29. h3 h5 30. Kh1 Qc5 31. Qe2 Qc2 32. Qxb5 Rc5 33. Qb7+ Rc7 34. Qb6
Qc5 35. Qxc5 Rxc5 36. Bxe4 Bxe4+ 37. Rxe4 Rxd5 38. Rxa4 Rd1+ 39. Kg2 Rd2+ 40.
Kf3 Rxb2 41. Ra7+ Kf6 42. Ra6+ Kf7 43. Ra7+ Kf6 44. g4 Rb3+ 45. Kg2 hxg4 46.
hxg4 Rc3 47. Ra6+ Kf7 48. a4 Ra3 49. a5 Kg7 50. Kf2 Kf7 51. Kg2 Kg7 52. Ra7+ Kf6
53. Kf2 Ke6 54. Rg7 Kf6 55. Ra7 Ke6 56. Kg2 Kf6 57. g5+ Kf5 58. Rf7+ Kg4 59. Rf6
Rxa5 60. Kf2 Ra2+ 61. Ke3 Ra3+ 62. Ke4 Ra4+ 63. Ke5 Ra5+ 64. Ke6 Kh5 65. Kf7
Ra7+ 66. Kg8 Ra8+ 67. Kg7 Ra7+ 68. Rf7 Ra4 69. Rf8 Ra7+ 70. Rf7 Ra4 71. f5 Kxg5
72. f6 Ra6 73. Rf8 Ra7+ 74. f7 1-0

[Event "Titled Tue 27th May Early"]
[Site "chess.com INT"]
[Date "2025.05.27"]
[Round "5"]
[White "Nurgaliyev, Sauat"]
[Black "Burmakin, Vladimir"]
[Result "0-1"]
[WhiteTitle "IM"]
[BlackTitle "GM"]
[WhiteElo "2407"]
[BlackElo "2435"]
[WhiteFideId "13726285"]
[BlackFideId "4105109"]
[EventDate "2025.05.27"]

1. e4 c6 2. Nf3 d5 3. Nc3 dxe4 4. Nxe4 Nf6 5. Qe2 Nxe4 6. Qxe4 Be6 7. b3 Nd7 8.
Bb2 Nf6 9. Qf4 Qd5 10. O-O-O Qd6 11. Ne5 Ng4 12. Bc4 Bxc4 13. Qxg4 Be6 14. Qh4
Bd5 15. Rhe1 a5 16. a4 b5 17. axb5 cxb5 18. c4 Be6 19. Qe4 Rc8 20. Qb7 bxc4 21.
bxc4 Qc7 22. Qb5+ Bd7 23. Nxd7 Qxd7 24. Qxd7+ Kxd7 25. d3 e6 26. Kc2 Bb4 27. Re5
f6 28. Rb5 Rb8 29. Rxb8 Rxb8 30. Ra1 e5 31. Bc3 Rb7 32. Rb1 Kc6 33. Bxb4 axb4
34. Kb3 Kc5 35. Re1 Ra7 36. Kb2 Ra3 37. Re3 Rc3 38. g3 Kd4 39. c5 Rxc5 40. Re4+
Kxd3 41. Re3+ Kc4 42. Re4+ Kb5 43. f4 Rc4 44. Re3 exf4 45. gxf4 Rxf4 46. Re7 g5
47. Rxh7 Rf2+ 48. Kb3 Rf3+ 49. Kb2 Kc4 50. Rc7+ Kd5 51. Rb7 b3 52. Rb5+ Ke6 53.
Rb6+ Kf5 54. Rb4 g4 55. Rb8 Kf4 56. Rb4+ Kg5 57. Rb8 f5 58. Rg8+ Kf4 59. Rh8 Rh3
60. Rxh3 gxh3 61. Kxb3 Kf3 62. Kc3 f4 63. Kd3 Kg2 64. Ke4 f3 65. Kf4 f2 66. Kg4
f1=Q 67. Kh4 Qf4+ 68. Kh5 Qf5+ 69. Kh4 Qf3 70. Kg5 Kxh2 71. Kh4 Kg2 72. Kg5 Kg3
73. Kh6 Qg4 74. Kh7 h2 75. Kh8 h1=Q# 0-1

[Event "Titled Tue 27th May Early"]
[Site "chess.com INT"]
[Date "2025.05.27"]
[Round "5"]
[White "Bogaudinov, Rushan"]
[Black "Bozorov, Javohir"]
[Result "1/2-1/2"]
[WhiteTitle "FM"]
[BlackTitle "FM"]
[WhiteElo "1912"]
[BlackElo "2093"]
[WhiteFideId "4129288"]
[BlackFideId "14216957"]
[EventDate "2025.05.27"]

1. e4 c5 2. Nf3 d6 3. d4 cxd4 4. Nxd4 Nf6 5. Nc3 a6 6. h3 e5 7. Nde2 h5 8. g3
Be6 9. Bg2 b5 10. O-O b4 11. Nd5 Bxd5 12. exd5 Nbd7 13. c4 Be7 14. b3 O-O 15.
Be3 g6 16. Qd2 a5 17. f4 Qc7 18. f5 a4 19. Bh6 Rfc8 20. fxg6 fxg6 21. Qxb4 Rcb8
22. Qc3 axb3 23. axb3 Rxa1 24. Rxa1 Qb6+ 25. Kh2 Qxb3 26. Qxb3 Rxb3 27. Ra7 Kf7
28. Ng1 e4 29. Ne2 Ne5 30. Bf4 Nxc4 31. Nd4 Nxd5 32. Nxb3 Nc3 33. Nd4 Kf6 34. h4
d5 35. Bg5+ Ke5 36. Nc6+ Kd6 37. Nxe7 e3 38. Nxg6 e2 39. Ra6+ Kd7 40. Ra1 Nd1
41. Ne5+ Nxe5 42. Bd2 d4 43. Kg1 Nc4 44. Be1 Nce3 45. Bf3 d3 46. Bxh5 Nc2 47.
Rxd1 exd1=Q 48. Bxd1 Nxe1 49. Kf2 Nc2 50. g4 Ke6 51. g5 Kf5 52. Kg3 Ne3 53. Bf3
d2 54. Be2 d1=Q 55. Bxd1 Nxd1 56. Kf3 Nc3 57. Ke3 Nd5+ 58. Kf3 Nf4 59. Kg3 Nh5+
60. Kh3 Kf4 61. g6 Kf3 62. Kh2 Kg4 63. Kh1 Ng7 64. Kg2 Kxh4 65. Kf3 Kg5 66. Kg3
Kf5 67. Kf3 Kg5 68. Kg3 Kf6 69. Kf3 Ne6 70. Kg3 Kg7 71. Kf3 Nd8 72. Ke4 Nc6 73.
Kf5 Nb8 74. Kg5 Na6 75. Kf5 Nc7 76. Kg5 Nb5 77. Kf5 Nc3 78. Kg5 Na2 79. Kf5 Nc1
80. Ke4 Nb3 81. Kd3 Nd2 82. Kd4 Nf1 83. Ke4 Nh2 84. Kf4 Nf1 85. Kg5 Nd2 86. Kf5
Nb3 87. Kg5 Nc5 88. Kf5 Nd7 89. Ke6 Nf8+ 90. Kf5 Nd7 91. Kg5 Nb8 92. Kf5 Nc6 93.
Kf4 Nd4 94. Ke3 Nf5+ 95. Kd2 Kf6 96. Kc1 Ng7 97. Kb1 Ke5 98. Ka1 Kd4 99. Kb1 Kc3
100. Ka1 Kc2 101. Ka2 Kc3 102. Ka1 Kb3 103. Kb1 Kc3 104. Kc1 Kd3 105. Kd1 Ke4
106. Ke2 Kf5 107. Kd2 Kf6 108. Kc2 Nf5 109. Kb2 Kg7 110. Ka2 Nd4 111. Kb2 Nc6
112. Kc3 Nb4 113. Kxb4 Kxg6 1/2-1/2

[Event "Titled Tue 27th May Early"]
[Site "chess.com INT"]
[Date "2025.05.27"]
[Round "5"]
[White "Alfaro, William"]
[Black "Shahinyan, Vladimir"]
[Result "1-0"]
[WhiteTitle "FM"]
[BlackTitle "CM"]
[WhiteElo "2077"]
[BlackElo "2202"]
[WhiteFideId "6100457"]
[BlackFideId "13314599"]
[EventDate "2025.05.27"]

1. e4 e6 2. b3 d5 3. Bb2 dxe4 4. Nc3 f5 5. f3 exf3 6. Nxf3 Nf6 7. Bc4 Nc6 8. Qe2
Bc5 9. O-O-O O-O 10. Bxe6+ Kh8 11. Bxc8 Rxc8 12. Qb5 Qd6 13. Rhf1 a6 14. Qc4 b5
15. Qh4 Nd4 16. Nxd4 Bxd4 17. Rxf5 c5 18. Kb1 Rce8 19. d3 Re5 20. Rxe5 Qxe5 21.
Re1 Qf5 22. h3 Bf2 23. Rf1 Bxh4 24. Rxf5 Re8 25. a3 Kg8 26. Rxc5 Re1+ 27. Ka2
Rg1 28. g4 Rg2 29. Ne4 Nxe4 30. dxe4 Rh2 31. Rc8+ Kf7 32. Rc7+ Be7 33. Be5 Re2
34. Bd6 Rxc2+ 35. Rxc2 Bxd6 36. Rc6 Ke6 37. Rxa6 Ke5 38. Kb1 Bf8 39. Ra8 Bd6 40.
Re8+ Kf4 41. Kc2 Bxa3 42. Kd3 Bc5 43. e5 g5 44. e6 Ke5 45. Ke2 Kf6 46. Kf3 Be7
47. Ke4 Kxe6 48. Rh8 Bf6 49. Rxh7 Bc3 50. Rb7 b4 51. Kf3 Kd5 52. Rb5+ Kd4 53.
Rxg5 Bd2 54. Rb5 Kc3 55. h4 Kxb3 56. g5 Kc4 57. Rb7 b3 58. Rc7+ Kd3 59. Rd7+ Kc2
60. Rb7 b2 61. g6 Bc3 62. h5 Kd3 63. h6 Kc4 64. Rxb2 Bxb2 65. g7 Kd5 66. g8=Q+
Kd6 67. Qg4 Be5 68. Qe4 Bf6 69. h7 Kd7 70. Kg4 Bh8 71. Kf5 Kd6 72. Qe6+ Kc7 73.
Qd5 Kc8 74. Qd6 Bc3 75. Qe7 Bh8 76. Ke6 Bc3 77. Kd5 Bb2 78. Kc6 Be5 79. Qe8# 1-0

[Event "Titled Tue 27th May Early"]
[Site "chess.com INT"]
[Date "2025.05.27"]
[Round "5"]
[White "Mikhalsky, Vladimir"]
[Black "Naranjo Moreno, Antonio"]
[Result "1-0"]
[BlackTitle "FM"]
[WhiteElo "2219"]
[BlackElo "2289"]
[WhiteFideId "14144352"]
[BlackFideId "2278626"]
[EventDate "2025.05.27"]

1. d4 Nf6 2. c4 g6 3. f3 Bg7 4. e4 O-O 5. Nc3 d6 6. Be3 c5 7. Nge2 Nc6 8. d5 Ne5
9. Ng3 h5 10. Be2 a6 11. O-O h4 12. Nh1 Rb8 13. h3 b5 14. cxb5 axb5 15. Nxb5 Ba6
16. a4 c4 17. b3 cxb3 18. Qxb3 Nfd7 19. Rab1 Nc5 20. Qa2 Qa5 21. f4 Ned3 22. Na7
Rxb1 23. Rxb1 Nb4 24. Rxb4 Qxb4 25. Nc6 Qxe4 26. Bxc5 Bxe2 27. Nf2 Qc4 28. Nxe7+
Kh7 29. Qxc4 Bxc4 30. Bxd6 Rd8 31. Ne4 f6 32. Bc7 Re8 33. d6 Be6 34. Nc5 Bc8 35.
a5 Bf8 36. Nd5 Re1+ 37. Kf2 Ra1 38. Nxf6+ Kg7 39. Nfe4 Bf5 40. Kf3 Rc1 41. d7
Bxe4+ 42. Kxe4 Be7 43. Ne6+ Kf7 44. d8=Q Bxd8 45. Nxd8+ Ke8 46. Bb6 Kd7 47. Kf3
Rc3+ 48. Kg4 Rg3+ 49. Kxh4 Rxg2 50. Nf7 Ke6 51. Nh6 Kf6 52. Bd8+ Kg7 53. Ng4 Ra2
54. Bc7 Kf7 55. Kg5 Ra3 56. h4 Rg3 57. a6 Ra3 58. Ne5+ Ke6 59. Nxg6 Rxa6 60. f5+
Kf7 61. Bf4 Kg7 62. h5 Kh7 63. f6 Rb6 64. f7 Rb5+ 65. Be5 Rd5 66. f8=Q Rxe5+ 67.
Qf5 Rxf5+ 68. Kxf5 Kh6 69. Kg4 Kg7 70. Kg5 Kh7 71. h6 Kg8 72. Kf6 Kh7 73. Kg5
Kg8 74. Nf4 Kh7 75. Kh5 Kg8 76. Kg6 Kh8 77. Nh5 Kg8 78. Ng7 Kh8 79. Nf5 Kg8 80.
Nd6 Kh8 81. Nf7+ Kg8 82. h7+ Kf8 83. h8=Q+ Ke7 84. Qe5+ Kd7 85. Kf6 Kc8 86. Qe7
Kb8 87. Nd6 Ka8 88. Qb7# 1-0

[Event "Titled Tue 27th May Early"]
[Site "chess.com INT"]
[Date "2025.05.27"]
[Round "5"]
[White "Arabidze, Meri"]
[Black "Ilinca, Felix-Antonio"]
[Result "1-0"]
[WhiteTitle "IM"]
[BlackTitle "IM"]
[WhiteElo "2440"]
[BlackElo "2420"]
[WhiteFideId "13604040"]
[BlackFideId "54764998"]
[EventDate "2025.05.27"]

1. d4 d5 2. c4 e6 3. Nc3 Nf6 4. cxd5 exd5 5. Bg5 Be6 6. e3 Nbd7 7. Bd3 c6 8. Nf3
h6 9. Bh4 g5 10. Bg3 Nh5 11. Be5 Nxe5 12. Nxe5 Nf6 13. h4 g4 14. h5 Bd6 15. Qa4
Qc7 16. O-O-O Bxe5 17. dxe5 Qxe5 18. Ne2 Bd7 19. Nf4 c5 20. Qa5 b6 21. Qa6 O-O
22. Bc2 Bf5 23. Bxf5 Qxf5 24. Qd3 Qxd3 25. Rxd3 Rfd8 26. Rhd1 d4 27. exd4 c4 28.
Rg3 Kh7 29. f3 gxf3 30. Rxf3 Rd7 31. d5 Rad8 32. Rd4 Nxd5 33. Nxd5 Rxd5 34. Rxd5
Rxd5 35. Rxf7+ Kg8 36. Rxa7 Rxh5 37. a4 Rh1+ 38. Kc2 Rh2 39. Rb7 Rxg2+ 40. Kc3
Rg6 41. Kxc4 h5 42. Rd7 h4 43. b4 h3 44. Rd1 Kf7 45. Kb5 Rh6 46. Rh1 Ke7 47. Ka6
Kd7 48. Kb7 h2 49. a5 bxa5 50. bxa5 Rh5 51. a6 Rb5+ 52. Ka8 Rb2 53. a7 Kc7 54.
Rc1+ Kb6 55. Rh1 Ka6 56. Ra1+ Kb5 57. Rh1 Kb6 58. Ra1 Rg2 59. Rb1+ Kc6 60. Rc1+
Kd7 61. Rd1+ Ke7 62. Rh1 Rb2 63. Re1+ Kd8 64. Rd1+ Kc7 65. Rc1+ Kd6 66. Rd1+ Ke5
67. Re1+ Kd4 68. Rh1 Kc5 69. Rc1+ Kb4 70. Rh1 Kb5 71. Rc1 Ka5 72. Ra1+ Kb6 73.
Rc1 Rb5 74. Rh1 Rh5 75. Rb1+ Kc7 76. Rc1+ Kd7 77. Rd1+ Kc8 78. Rc1+ Kd7 79. Kb7
Rb5+ 80. Ka6 Rb2 81. a8=Q Ra2+ 82. Kb7 Rb2+ 83. Ka7 Ra2+ 84. Kb8 Rxa8+ 85. Kxa8 1-0

[Event "Titled Tue 27th May Early"]
[Site "chess.com INT"]
[Date "2025.05.27"]
[Round "5"]
[White "Nayem, Haque"]
[Black "Arya G Mallar"]
[Result "1/2-1/2"]
[WhiteTitle "FM"]
[BlackTitle "WCM"]
[WhiteElo "2180"]
[BlackElo "2014"]
[WhiteFideId "10217754"]
[BlackFideId "25115324"]
[EventDate "2025.05.27"]

1. e4 c5 2. Nf3 d6 3. d4 cxd4 4. Nxd4 Nf6 5. Nc3 g6 6. Be3 Bg7 7. Be2 O-O 8. O-O
Nc6 9. Qd2 Qa5 10. Nxc6 bxc6 11. Nd5 Qxd2 12. Nxe7+ Kh8 13. Bxd2 Nxe4 14. Bf4
Bb7 15. Bf3 d5 16. Rad1 f5 17. c4 Rad8 18. cxd5 cxd5 19. Rc1 Rd7 20. Nc6 Bxb2
21. Rc2 Bg7 22. h4 Re8 23. Rd1 Nc3 24. Ne5 Rxe5 25. Rxc3 Ree7 26. Rcd3 Bf6 27.
g3 d4 28. Bxb7 Rxb7 29. Bg5 Bxg5 30. hxg5 Rb2 31. Rxd4 Rxa2 32. Rd8+ Kg7 33.
R1d7 Re2 34. Rxe7+ Rxe7 35. Ra8 Rb7 36. Kg2 Kf7 37. g4 fxg4 38. Kg3 Ke6 39. Kxg4
Rf7 40. f4 Rb7 41. Re8+ Kf7 42. Re5 Rb1 43. Ra5 Rb7 44. Ra6 Rd7 45. Rf6+ Kg7 46.
Ra6 Rc7 47. Ra4 Rb7 48. Kf3 Kf7 49. Ke4 Kg7 50. Ke5 Kf7 51. Kd6 Re7 52. Kc6 Ke6
53. Re4+ Kf7 54. Ra4 Kg7 55. Kd6 Rf7 56. Ke6 Rb7 57. Rd4 Rc7 58. Kd6 Rb7 59. Ra4
Rf7 60. Ke6 Rb7 61. Ke5 Rc7 62. Ra6 Rf7 63. Ke4 Re7+ 64. Kf3 Rf7 65. Kg4 Rb7 66.
Ra4 Rc7 67. f5 gxf5+ 68. Kxf5 Rc5+ 69. Kg4 Rc7 70. Kh5 Rb7 71. Ra6 Rc7 72. Ra4
Rb7 73. Ra6 Rc7 74. Kg4 Rc4+ 75. Kf5 Rc7 76. Kf4 Rc4+ 77. Kf5 Rc7 78. Kf4 Rb7
79. Kf5 Rc7 1/2-1/2

[Event "Titled Tue 27th May Early"]
[Site "chess.com INT"]
[Date "2025.05.27"]
[Round "5"]
[White "Tahbaz, Arash"]
[Black "Pavlov, Nikolay"]
[Result "1-0"]
[WhiteTitle "IM"]
[BlackTitle "FM"]
[WhiteElo "2462"]
[BlackElo "2316"]
[WhiteFideId "12528846"]
[BlackFideId "24141470"]
[EventDate "2025.05.27"]

1. Nf3 Nf6 2. g3 b5 3. Bg2 Bb7 4. O-O a5 5. d3 d6 6. c4 b4 7. d4 e6 8. a3 Nbd7
9. b3 c5 10. Bb2 Be7 11. a4 O-O 12. Nbd2 cxd4 13. Nxd4 Bxg2 14. Kxg2 Qb6 15.
N2f3 Nc5 16. Nb5 Rfd8 17. Qc2 Qb7 18. Bd4 Qe4 19. Qxe4 Nfxe4 20. Rab1 f6 21.
Rfd1 Kf7 22. Ne1 f5 23. f3 Nf6 24. Nd3 Nb7 25. Rd2 e5 26. Bb6 Rdc8 27. Rbd1 Rc6
28. Bf2 Ke6 29. h3 g6 30. Ne1 Rd8 31. Nc2 Nc5 32. Bxc5 Rxc5 33. Ne3 Rd7 34. Nd5
Nxd5 35. Rxd5 h5 36. e4 Bf8 37. h4 Be7 38. R1d3 Bf8 39. Kf2 Be7 40. Ke2 Bf8 41.
Kf1 Be7 42. Kg2 Bf8 43. Kh3 Be7 44. Re3 Bf8 45. Re1 Be7 46. Re2 Bf8 47. f4 Rxd5
48. exd5+ Kf6 49. Kg2 e4 50. Kf2 Kf7 51. Ke3 Bg7 52. Nd4 Bxd4+ 53. Kxd4 Rc7 54.
Rc2 Rc5 55. Rc1 Kf6 56. Rg1 Kg7 57. Rh1 Kh6 58. Ra1 Rc7 59. Ra2 Rc5 60. Rc2 Kg7
61. Rc1 Kf6 62. Rd1 Kg7 63. Rb1 Kf6 64. Rf1 Kg7 65. Rh1 Kf6 66. g4 hxg4 67. h5
gxh5 68. Rxh5 Kg6 69. Rg5+ Kf6 70. Rh5 Rc7 71. Rh6+ Kf7 72. Rh7+ Kg6 73. Rxc7 g3
74. Ke3 Kh5 75. Rg7 Kh4 76. c5 1-0

[Event "Titled Tue 27th May Early"]
[Site "chess.com INT"]
[Date "2025.05.27"]
[Round "5"]
[White "Moinzai, Khushal"]
[Black "Aghaei, Alireza"]
[Result "0-1"]
[WhiteTitle "FM"]
[BlackTitle "CM"]
[WhiteElo "1894"]
[BlackElo "2204"]
[WhiteFideId "11701200"]
[BlackFideId "12509914"]
[EventDate "2025.05.27"]

1. e4 c5 2. Nc3 Nc6 3. Bc4 e6 4. f4 g6 5. Nf3 Bg7 6. d3 Nge7 7. O-O d5 8. Bb3
O-O 9. Qe1 Nd4 10. f5 Nxb3 11. axb3 exf5 12. Qh4 fxe4 13. dxe4 dxe4 14. Ng5 h6
15. Ngxe4 Nf5 16. Qxd8 Rxd8 17. Bf4 b6 18. Rfd1 Nd4 19. Bc7 Rf8 20. Bxb6 Bg4 21.
Bxc5 Bxd1 22. Bxf8 Bxc2 23. Bxg7 Kxg7 24. Ra4 Nxb3 25. Rb4 Re8 26. Nd6 Re6 27.
Ndb5 a5 28. Rc4 Bd3 29. Rc7 Rf6 30. h3 Rf1+ 31. Kh2 Rf2 32. Nd6 Nd2 33. Kg3 Rf1
34. Ra7 Nb3 35. Ne8+ Kf8 36. Ra8 Ke7 37. Nd5+ Kd7 38. Nef6+ Kd6 39. Nf4 Bf5 40.
Ra6+ Ke7 41. N6d5+ Kd7 42. Ra7+ Kd6 43. Ne3 Rb1 44. Ne2 Be6 45. Ra6+ Ke7 46.
Ra7+ Kf8 47. Rb7 Rxb2 48. Nd4 Rb1 49. Nxe6+ fxe6 50. Ng4 a4 51. Ne5 a3 52. Nxg6+
Ke8 53. Ra7 Ra1 54. Nf4 Kd8 55. Nxe6+ Kc8 56. Nf4 Kb8 57. Ra4 Kb7 58. Rb4+ Kc6
59. Rxb3 a2 60. Ra3 Kc5 61. Kh2 Kb4 62. Ra8 Kb3 63. Nd3 Rd1 64. Nc5+ Kb2 65.
Rb8+ Kc3 66. Na4+ Kc4 67. Nb2+ Kd5 68. Nxd1 a1=Q 69. Ne3+ Kd4 70. Re8 Kd3 71.
Ng4 Qa4 72. Re3+ Kd2 73. Rf3 Kc1 74. Nf2 Qa8 75. Nd3+ Kd2 76. Nf4 Ke1 77. h4 Kd1
78. Nh3 Qb8+ 79. Nf4 Ke1 80. Kh3 Kd2 81. g3 Qc8+ 82. Kg2 Qc7 83. Rf2+ Kc1 84.
Nh3 Qb7+ 85. Kh2 Kd1 86. Nf4 Ke1 87. Kg1 Qa7 88. Nd3+ Kd1 89. Nf4 Ke1 90. Ng2+
Kd1 91. Ne3+ Qxe3 92. Kg2 Ke1 93. Rf3 Qe2+ 94. Kh3 Qxf3 0-1

[Event "Titled Tue 27th May Early"]
[Site "chess.com INT"]
[Date "2025.05.27"]
[Round "5"]
[White "Jake Shanty"]
[Black "Kozak, Adam"]
[Result "1-0"]
[WhiteTitle "FM"]
[BlackTitle "GM"]
[WhiteElo "2252"]
[BlackElo "2578"]
[WhiteFideId "33478066"]
[BlackFideId "753246"]
[EventDate "2025.05.27"]

1. Nf3 c5 2. e3 d5 3. b3 Nf6 4. Bb2 g6 5. Be2 Bg7 6. O-O O-O 7. c4 d4 8. exd4
Nh5 9. d3 Nc6 10. Nbd2 cxd4 11. Re1 e5 12. Bf1 f5 13. b4 e4 14. dxe4 Nxb4 15. e5
Nc6 16. Nb3 d3 17. Qxd3 Qxd3 18. Bxd3 Nf4 19. Bf1 Ne6 20. Rad1 Re8 21. Nbd4
Nexd4 22. Nxd4 Rxe5 23. Nxc6 Rxe1 24. Rxe1 Bxb2 25. Ne7+ Kf8 26. Nxc8 Rxc8 27.
Rb1 Bd4 28. Rxb7 Rc6 29. Rd7 Bc5 30. Rd2 Ke7 31. g3 Kf6 32. Bg2 Rb6 33. Bd5 Rb1+
34. Kg2 g5 35. Re2 g4 36. h3 h5 37. hxg4 hxg4 38. Re6+ Kg5 39. Re2 Ra1 40. Be6
Kf6 41. Bd7 Rd1 42. Bc8 Rd8 43. Bb7 Rd4 44. Bd5 a5 45. Be6 Rd1 46. Bd5 a4 47.
Re6+ Kg5 48. Re2 a3 49. Be6 Kf6 50. Bc8 Rd8 51. Ba6 Rd4 52. Bb5 Rd1 53. Bc6 Rb1
54. Ba4 Rc1 55. Bb3 Rc3 56. Rc2 Rd3 57. Re2 Bd4 58. Bc2 Rc3 59. Bb3 Rc1 60. Rc2
Re1 61. c5 Re7 62. c6 Rc7 63. Rc4 Be5 64. Bc2 Re7 65. Rc5 Ke6 66. Rc4 Bc7 67.
Bb3 Kd6 68. Rc2 Bb6 69. Bc4 Kxc6 70. Bd3+ Kd5 71. Bxf5 Rg7 72. Rc3 Bc5 73. Rb3
Ke5 74. Bc8 Rf7 75. f4+ gxf3+ 76. Rxf3 Rc7 77. Ba6 Rc6 78. Bc4 Rb6 79. Bb3 Kd4
80. Rf4+ Ke5 81. Rf3 Bd6 82. Rd3 Ke4 83. Rf3 Kd4 84. Rf2 Be5 85. Re2 Bf6 86. Rc2
Kd3 87. Rc4 Bd4 88. Ra4 Bc5 89. Rf4 Bd4 90. Rf3+ Ke4 91. Rf4+ Ke5 92. Rf3 Rc6
93. Rf1 Rb6 94. Re1+ Kd6 95. Rd1 Kc5 96. Rc1+ Kd6 97. Kf3 Be5 98. Rd1+ Ke7 99.
g4 Kf6 100. Rh1 Kg5 101. Rh5+ Kf6 102. Rh6+ Ke7 103. Rxb6 1-0

[Event "Titled Tue 27th May Early"]
[Site "chess.com INT"]
[Date "2025.05.27"]
[Round "5"]
[White "Barseghyan, Armen Ar."]
[Black "Gyurjinyan, Valter"]
[Result "0-1"]
[WhiteTitle "IM"]
[BlackTitle "CM"]
[WhiteElo "2348"]
[BlackElo "2208"]
[WhiteFideId "13306707"]
[BlackFideId "13318179"]
[EventDate "2025.05.27"]

1. Nf3 Nf6 2. c4 e6 3. g3 d5 4. Bg2 Be7 5. O-O O-O 6. d4 dxc4 7. Qc2 a6 8. a4
Bd7 9. Qxc4 Bc6 10. Nc3 Nbd7 11. Bg5 h6 12. Bf4 a5 13. Rac1 Nb6 14. Qb3 Bb4 15.
Rfd1 Bxc3 16. Qxc3 Nfd5 17. Qd2 Bxa4 18. Re1 Nxf4 19. Qxf4 Bc6 20. e4 a4 21.
Red1 a3 22. bxa3 Rxa3 23. Ne5 Ba4 24. Rd2 Qf6 25. Qxf6 gxf6 26. Ng4 Kg7 27. Rxc7
Ra1+ 28. Bf1 Bc6 29. f3 Rfa8 30. Ne3 R8a3 31. Nc2 R3a2 32. Rf2 Rd1 33. Nb4 Rxf2
34. Kxf2 Rxd4 35. Nxc6 bxc6 36. Rxc6 Nd7 37. Rc7 Ne5 38. Be2 Rd2 39. f4 Ng6 40.
Ke3 Ra2 41. h4 Ra3+ 42. Kf2 Ra2 43. h5 Nf8 44. Ke3 Ra3+ 45. Bd3 Nh7 46. Kd4 e5+
47. Ke3 Nf8 48. f5 Nh7 49. Rb7 Ng5 50. g4 Ra1 51. Kd2 Rg1 52. Be2 Nxe4+ 53. Ke3
Ng5 54. Ra7 Rg3+ 55. Kf2 Rb3 56. Bc4 Rc3 57. Bd5 Rd3 58. Bc6 Rd6 59. Ba8 Rd4 60.
Kg3 Rd3+ 61. Kf2 Nh3+ 62. Ke2 Nf4+ 63. Kf2 Rc3 64. Bf3 Nh3+ 65. Kg2 Ng5 66. Bd5
Rd3 67. Ba8 Rd4 68. Kg3 Rd1 69. Kf2 Rb1 70. Bc6 Rb3 71. Bd5 Rc3 72. Ba8 e4 73.
Re7 Rf3+ 74. Kg2 Rf4 75. Kg3 Rf3+ 76. Kg2 Ra3 77. Bxe4 Re3 78. Ra7 Rxe4 79. Kg3
Re3+ 80. Kg2 Rb3 81. Ra4 Re3 82. Rc4 Re4 83. Rc3 Rxg4+ 84. Kf2 Rf4+ 85. Kg3 Rxf5
86. Kg4 Rd5 87. Rc4 f5+ 88. Kf4 Ne6+ 89. Kf3 Rd4 90. Rc6 Rh4 91. Kg3 Rxh5 92.
Rc2 Kf6 93. Rf2 Rg5+ 94. Kf3 h5 95. Ra2 Kg6 96. Ra4 Rg4 97. Ra8 h4 98. Rg8+ Kf6
99. Rh8 Ng5+ 100. Kf2 h3 101. Rh6+ Ke5 102. Rh8 Rg2+ 103. Kf1 Kf4 104. Ra8 Kg4
105. Ra4+ f4 106. Ra5 Rb2 107. Kg1 Nf3+ 108. Kf1 h2 109. Rh5 Rb1+ 110. Kf2 Kxh5
111. Kxf3 h1=Q+ 0-1